Miami Heat: Leading Scorer Every Year - Statistics

General Stats
  • This quiz has been taken 2,048 times
    52 since last reset
  • The average score is 27 of 38
Answer Stats
Year Player Average % Correct
2004-2005 Dwyane Wade 24.1
98%
2005-2006 Dwyane Wade 27.2
98%
2006-2007 Dwyane Wade 27.4
98%
2007-2008 Dwyane Wade 24.6
98%
2008-2009 Dwyane Wade 30.2
98%
2009-2010 Dwyane Wade 26.6
98%
2014-2015 Dwyane Wade 21.5
98%
2010-2011 LeBron James 26.7
98%
2011-2012 LeBron James 27.1
98%
2012-2013 LeBron James 26.8
98%
2013-2014 LeBron James 27.1
98%
2019-2020 Jimmy Butler 19.9
96%
2020-2021 Jimmy Butler 21.5
96%
2021-2022 Jimmy Butler 21.4
96%
2022-2023 Jimmy Butler 22.9
96%
2023-2024 Jimmy Butler 20.8
96%
2024-2025 Tyler Herro 23.9
89%
1995-1996 Alonzo Mourning 23.2
84%
1997-1998 Alonzo Mourning 19.2
84%
1998-1999 Alonzo Mourning 20.1
84%
1999-2000 Alonzo Mourning 21.7
84%
2015-2016 Chris Bosh 19.1
78%
2025-2026 Norman Powell 21.7
69%
1996-1997 Tim Hardaway 20.3
67%
2016-2017 Goran Dragic 20.3
51%
2017-2018 Goran Dragic 17.3
51%
1991-1992 Glen Rice 22.3
49%
1992-1993 Glen Rice 19.0
49%
1993-1994 Glen Rice 21.1
49%
1994-1995 Glen Rice 22.3
49%
2000-2001 Eddie Jones 17.4
33%
2001-2002 Eddie Jones 18.3
33%
2002-2003 Eddie Jones 18.5
33%
2003-2004 Eddie Jones 17.3
33%
1989-1990 Rony Seikaly 16.6
27%
2018-2019 Josh Richardson 16.6
18%
1988-1989 Kevin Edwards 13.8
7%
1990-1991 Sherman Douglas 18.5
7%
No matching quizzes found
Score Distribution
Percent of People with Each Score
Percentile by Number Answered
Your Score History
You have not taken this quiz since the last reset